| 000 | 01414nam a2200349Ia 4500 | ||
|---|---|---|---|
| 001 | ebr10437994 | ||
| 003 | CaPaEBR | ||
| 006 | m u | ||
| 007 | cr cn||||||||| | ||
| 008 | 101006s2010 enka sb 001 0 eng d | ||
| 020 | _z1848853599 (hbk.) | ||
| 020 | _z1848853602 (pbk.) | ||
| 020 | _z9781848853591 (hbk.) | ||
| 020 | _z9781848853607 (pbk.) | ||
| 040 |
_aCaPaEBR _cCaPaEBR |
||
| 035 | _a(OCoLC)693780246 | ||
| 050 | 1 | 4 |
_aDS36.88 _b.S23 2010eb |
| 100 | 1 |
_aSabry, Tarik, _d1969- |
|
| 245 | 1 | 0 |
_aCultural encounters in the Arab world _h[electronic resource] : _bon media, the modern and the everyday / _cTarik Sabry. |
| 260 |
_aLondon ; _aNew York : _bI.B. Tauris, _c2010. |
||
| 300 |
_a228 p. : _bill. |
||
| 490 | 1 | _aLibrary of modern Middle East studies | |
| 504 | _aIncludes bibliographical references and index. | ||
| 533 |
_aElectronic reproduction. _bPalo Alto, Calif. : _cebrary, _d2011. _nAvailable via World Wide Web. _nAccess may be limited to ebrary affiliated libraries. |
||
| 650 | 0 |
_aCivilization, Arab _y21st century. |
|
| 650 | 0 |
_aMass media and culture _zArab countries. |
|
| 650 | 0 |
_aSocial change _zArab countries. |
|
| 655 | 7 |
_aElectronic books. _2local |
|
| 710 | 2 | _aebrary, Inc. | |
| 830 | 0 | _aLibrary of modern Middle East studies. | |
| 856 | 4 | 0 |
_uhttp://site.ebrary.com/lib/rucke/Doc?id=10437994 _zAn electronic book accessible through the World Wide Web; click to view |
| 999 |
_c133195 _d133195 |
||